000 00303nam a2200097Ia 4500
008 220204s9999 xx 000 0 und d
082 _a31:63
_bSAI
245 0 _aStatistical bulleting of SAARC agricultural data 2005
260 _aBangladesh
_bSAARC Agricultural Information Centre (SAIC)
_c2005
942 _cBK
999 _c44254
_d44254